000 00937cam a22002773a 4500
001 5741
003 PGUSA
005 20140828083124.0
008 040501s2004||||xxu|||||s|||||000 | eng d
040 _aPGUSA
_beng
042 _adc
050 4 _aPG
245 1 0 _aStories by Foreign Authors :
_bRussian
_h[electronic resource]
260 _bProject Gutenberg,
_c2004
505 0 _aMumu / Turgenev -- The Shot / Pushkin -- St. John's Eve / Gogol -- An old Acquaintance / Tolstoy
506 _aPublic domain in the USA.
516 _aElectronic text
653 _aShort stories, Russian -- Translations into English
700 1 _aTolstoy, Leo, graf,
_d1828-1910
700 1 _aTurgenev, Ivan Sergeevich,
_d1818-1883
700 1 _aGogol, Nikolai Vasilevich,
_d1809-1852
700 1 _aPushkin, Aleksandr Sergeevich,
_d1799-1837
830 0 _aProject Gutenberg
_v5741
856 4 0 _uhttp://www.gutenberg.org/ebooks/5741
942 _cEB
999 _c235069
_d235069